000
00388nam a2200145Ia 4500
001
15444
003
GE_BSU
008
181216s||||||||xx |||||||||||||| ||und||
040
_c
GE_BSU
100
_a
ჩიქოვანი,სიმონ
245
_a
ლექსები
245
_c
რედ.რაჟდენ გვეტაძე.
653
_a
ლექსები
942
_c
BK
999
_c
48547
_d
48547